Television Theme Songs Quiz Stats

 Plays Quiz Updated Oct 12, 2016

Score 0/18 Timer 06:00
17 Plays Today
Song TV Show % Correct
I'll Be There for YouFriends
81.9%
Where Everybody Knows Your NameCheers
81%
Love and MarriageMarried With Children
67.7%
Moving on UpThe Jeffersons
64.6%
Thank You For Being a FriendThe Golden Girls
52.6%
(I'm No) SupermanScrubs
51.5%
Good Ol BoysDukes of Hazzard
49.8%
Those Were the DaysAll in the Family
43%
Everywhere You LookFull House
42.3%
Song TV Show % Correct
Suicide is PainlessM*A*S*H
40.8%
As Long As We Got Each OtherGrowing Pains
31.6%
Making Our Dreams Come TrueLaverne & Shirley
30.4%
Believe It Or NotGreatest American Hero
25.7%
Love Is All AroundThe Mary Tyler Moore Show
18.5%
Woke Up This MorningThe Sopranos
15.1%
The Unknown StuntmanThe Fall Guy
11.9%
My LifeBosom Buddies
10.1%
We Used To Be FriendsVeronica Mars
7%

You're not logged in!

Compare scores with friends on all Sporcle quizzes.
OR
Log In

Sporcle TV

Today on Sporcle TV


Watch our educational content, quiz creation guides, and fun videos on Sporcle TV.

Show Comments

Extras

Top Quizzes Today


Score Distribution

Your Account Isn't Verified!

In order to create a playlist on Sporcle, you need to verify the email address you used during registration. Go to your Sporcle Settings to finish the process.

Report this User

Report this user for behavior that violates our Community Guidelines.

Details: